| 000 | 00734nam a2200253Ia 4500 | ||
|---|---|---|---|
| 003 | OSt | ||
| 005 | 20220926023955.0 | ||
| 006 | a|||||r|||| 00| 0 | ||
| 007 | ta | ||
| 008 | 220923b |||||||| |||| 00| 0 eng d | ||
| 020 | _a0853454221 | ||
| 037 | _cGeneral Book | ||
| 040 |
_aRTL _cRTL _beng |
||
| 041 |
_2eng _aeng |
||
| 082 | _aX.73.N7, L7 | ||
| 100 | _aMagdoff Harry | ||
| 245 | 0 |
_aEnd of prosperity _b The American economy in the 1970s |
|
| 260 |
_aNY _bMonthly Review Press _c1977 |
||
| 300 |
_avii,136p. _ccm. |
||
| 650 |
_aUnited States Economic Conditions _9230667 |
||
| 700 | _a Sweezy Paul M | ||
| 942 |
_hX.73.N7, L7 _cGB _2CC |
||
| 999 |
_c642752 _d642752 |
||